Роль непрерывного образования в повышении качества рабочей силы; Модернизация инженерного образования: проблемы и перспективы

Dettagli Bibliografici
Parent link:Модернизация инженерного образования: проблемы и перспективы.— 2008.— С. 177-180
Autore principale: Бибикова Л. В. Людмила Владимировна
Lingua:russo
Pubblicazione: 2008
Soggetti:
Natura: MixedMaterials Capitolo di libro
KOHA link:https://koha.lib.tpu.ru/cgi-bin/koha/opac-detail.pl?biblionumber=163828

MARC

LEADER 00000naa2a2200000 4500
001 163828
005 20231101222427.0
035 |a (RuTPU)RU\TPU\book\177738 
090 |a 163828 
100 |a 20090821d2008 k y0rusy50 ca 
101 0 |a rus 
102 |a RU 
200 1 |a Роль непрерывного образования в повышении качества рабочей силы  |f Л. В. Бибикова 
320 |a Библиогр.: 16 назв. 
463 0 |0 (RuTPU)RU\TPU\book\164866  |t Модернизация инженерного образования: проблемы и перспективы  |o труды VI Всероссийской научно-практической конференции, 5 ноября 2008 г., Юрга  |f Томский политехнический университет (ТПУ), Юргинский технологический институт (ЮТИ)  |v С. 177-180  |d 2008  |p 340 с. 
610 1 |a непрерывное образование 
610 1 |a рабочая сила 
610 1 |a образование 
610 1 |a квалификация 
610 1 |a квалификация 
610 1 |a труды учёных ТПУ 
610 1 |a повышение 
700 1 |a Бибикова  |b Л. В.  |c старший преподаватель  |c Юргинский технологический институт (филиал) Томского политехнического университета  |g Людмила Владимировна  |2 stltpush  |3 (RuTPU)RU\TPU\pers\24495  |9 10818 
801 1 |a RU  |b 63413507  |c 20090821 
801 2 |a RU  |b 63413507  |c 20170113  |g RCR 
942 |c BK